01704cam a2200253 i 4500999001700000020002400017041000900041082001700050100003500067245012300102250002000225260002800245300001000273504005100283505061000334520023100944546001301175650002101188650002901209650004401238700002901282942001201311952012701323 c38045d38045 a9781138491328 (pbk) aeng-00a001.4bCHE-P1 aChevalier, Jacques M.eauthor.10aParticipatory action research :btheory and methods for engaged inquiry /cJacques M. Chevalier and Daniel J. Buckles. aSecond edition. aUK :bRoutledge,c2019. a417p. aIncludes bibliographical references and index.0 aIns and outs of participatory action research -- Pragmatic, psychosocial and critical PAR -- Planning systems that learn -- Participatory action monitoring and evaluation -- Measuring with measure -- Skills, process design and ethics -- Getting to the roots -- Participatory mapping and citizen science -- Factors at play -- Paradox -- Stakeholder basics -- Critical stakeholder thinking -- Social analysis CLIP -- Positions and values -- Thinking outside the box -- Reconciling differences -- Anticipating the future -- System dynamics -- Domain analysis -- Breaking the dependency on tobacco production. a"Explores theoretical foundations of Participatory Action Research tools, addressing the difficulties researchers from all disciplines face, focusing on connections between the theory, tools and skills required for practice"-- aEnglish. 0aAction research. 0aParticipant observation. 0aSocial sciencesxResearchxMethodology.1 aBuckles, Danieleauthor. 2ddccBK 00104070aNASSDOCbNASSDOCd2023-03-16eOverseasg0.00l0o001.4 CHE-Pp52710r2023-06-13 00:00:00v0.00w2023-06-13yBK